00608nam a2200205Ia 450000500170000000800410001704000190005804100120007708200160008924500570010526000250016230000110018744000340019865000160023265100180024885000100026694200070027699900170028395201020030020240802102027.0131103s9999 xx 000 0 und d aLoreto College aEnglish a822.33bWYA 4aThe stories of Shakespeare's playsb volumes I & II  aLondonbO.U.P.c1960 a145p.  aTales Retold for Easy Reading aShakespeare aEnglish drama aLCBED cBK c29802d80281 00102ddc4070aMAINbMAINd2013-11-04l0o822.33 WYA 5522pB32651r2013-11-04w2013-11-04yBKf